000 005960000a22002050004500
003 LK-CoMWRAF
005 20240123014525.0
008 230817t1987 ||||| |||| 00| 0 eng d
020 _a8885840010
040 _aLK-CoMWRAF
_dLK-CoMWRAF
_eLK-CoMWRAF
041 _aeng
082 _a305.42098
_bRUR
245 _aRural women in Latin America:
_bexperiences from Ecuador, Peru and Chile
260 _aSantiago:
_bISIS International,
_c1987
300 _a 122 p. : ill. ; 24 cm
650 _aRural women- Latin America
650 _aWomen's Movement
650 _awoman and society
942 _cBK
999 _c2638
_d2638